| 000 | 00470cam a2200181ua 4500 | ||
|---|---|---|---|
| 001 | 5902 | ||
| 005 | 20260515113942.0 | ||
| 008 | 131026n ii |||gr||||Z||||||asm | ||
| 040 | _cMAIN | ||
| 082 | _a954.035 | ||
| 245 | 1 | 1 |
_aBharatar Swadhinatar Itibritta _cBy Hemchandra Dutta |
| 260 |
_aJorhat: _bShree Guru Press, _c1968. |
||
| 300 | _ax,236p. | ||
| 653 | _aHistory | ||
| 653 | _aBharatar Swadhinatar Itibritta | ||
| 700 | 1 |
_aDutta,Hemchandra, _eAuthor. |
|
| 942 | _cBK | ||
| 999 |
_c5051 _d5051 |
||